Online
Catalog

España : (Record no. 12606)

MARC details
000 -CABECERA
campo de control de longitud fija 00865cam a2200265 a 4500
001 - NÚMERO DE CONTROL
campo de control 000012958
003 - IDENTIFICADOR DEL NÚMERO DE CONTROL
campo de control UkOxU
005 - FECHA Y HORA DE LA ÚLTIMA TRANSACCIÓN
campo de control 20200929163117.0
008 - DATOS DE LONGITUD FIJA--INFORMACIÓN GENERAL
campo de control de longitud fija 860101s1975 sp b 001 0 spa d
020 ## - NÚMERO INTERNACIONAL ESTÁNDAR DEL LIBRO
Número Internacional Estándar del Libro 8440087896
035 ## - NÚMERO DE CONTROL DEL SISTEMA
Número de control de sistema OCLC ocm02348691 from D951024M
040 ## - FUENTE DE LA CATALOGACIÓN
Centro catalogador/agencia de origen DO-SdBNP
Centro/agencia transcriptor DLC
Centro/agencia modificador EQO
-- BNPHU
082 ## - NÚMERO DE LA CLASIFICACIÓN DECIMAL DEWEY
Número de clasificación 344.946
Número de documento/Ítem H652e
049 ## - FONDOS LOCALES (OCLC)
Fondos de biblioteca BNGR
100 1# - ENTRADA PRINCIPAL--NOMBRE DE PERSONA
Nombre de persona Hillers de Luque, Sigfredo,
Fechas asociadas al nombre 1934-
9 (RLIN) 29863
245 10 - MENCIÓN DE TÍTULO
Título España :
Resto del título una revolución pendiente /
Mención de responsabilidad, etc. Sigfredo Hillers de Luque.
260 ## - PUBLICACIÓN, DISTRIBUCIÓN, ETC.
Lugar de publicación, distribución, etc. Madrid :
Nombre del editor, distribuidor, etc. FES,
Fecha de publicación, distribución, etc. 1975.
300 ## - DESCRIPCIÓN FÍSICA
Extensión 487 p. ;
Dimensiones 22 cm.
500 ## - NOTA GENERAL
Nota general Incluye biografía del autor en la solapa y contrasolapa
500 ## - NOTA GENERAL
Nota general Incluye referencias bibliográficas
504 ## - NOTA DE BIBLIOGRAFÍA, ETC.
Nota de bibliografía, etc. Incluye notas bibliográficas.
650 #0 - PUNTO DE ACCESO ADICIONAL DE MATERIA--TÉRMINO DE MATERIA
Término de materia o nombre geográfico como elemento de entrada Derecho
Subdivisión geográfica España
9 (RLIN) 29864
650 #0 - PUNTO DE ACCESO ADICIONAL DE MATERIA--TÉRMINO DE MATERIA
Término de materia o nombre geográfico como elemento de entrada Jurisprudencia penal
9 (RLIN) 29865
910 ## - DATOS DE OPCIÓN DEL USUARIO (OCLC)
Datos de opción del usuario Catalogación derivada
999 ## - NÚMEROS DE CONTROL DE SISTEMA (KOHA)
-- 0000152
Holdings
Estado de retiro Estado de pérdida Restricciones de uso No para préstamo Código de colección Localización permanente Ubicación/localización actual Ubicación en estantería Fecha de adquisición Número de inventario Total de préstamos Signatura topográfica completa Código de barras Fecha visto por última vez Precio válido a partir de Tipo de ítem Koha
    Préstamo interno   Monografías: Libros y Folletos General General En catalogación 18.11.2009 LF1   344.946 H652e 12958-10 25.06.2020 25.06.2020 Préstamo interno

Powered by Koha